Asies (Record no. 27440)

MARC details
000 -LEADER
fixed length control field 00397nam a2200181Ia 4500
020 ## - INTERNATIONAL STANDARD BOOK NUMBER
ISBN 0-8384-5815-7
050 ## - CALL MARK
Classification number PC412.L48
100 ## - STATEMENT OF RESPONSIBILITY--MAIN AUTHOR NAME
Personal name Nancy Levy - Konesky
245 #0 - TITLE STATEMENT
Title Asies
260 ## - PUBLICATION, DISTRIBUTION, ETC. (IMPRINT)
Place of publication California
260 ## - PUBLICATION, DISTRIBUTION, ETC. (IMPRINT)
Name of publisher Heinle
260 ## - PUBLICATION, DISTRIBUTION, ETC. (IMPRINT)
Year of publication 2004
300 ## - PHYSICAL DESCRIPTION
Number of Pages 570 p
650 ## - SUBJECT ADDED ENTRY--TOPICAL TERM
Topical Term Spanish Language
942 ## - ADDED ENTRY ELEMENTS (KOHA)
Koha item type Books
Holdings
Withdrawn status Lost status Source of classification or shelving scheme Damaged status Not for loan Permanent Location Current Location Date acquired Accession Number Price effective from Koha item type
    Library of Congress Classification     NILE UNIVERSITY OF NIGERIA - MAIN LIBRARY NILE UNIVERSITY OF NIGERIA - MAIN LIBRARY 04/23/2025 0005230 04/23/2025 Books